| 000 | 00679nam a2200193 i 4500 | ||
|---|---|---|---|
| 001 | 163511 | ||
| 003 | ES-MaACL | ||
| 005 | 20251015063143.0 | ||
| 008 | 050713s1878 fr | |||||||| ||fre d | ||
| 040 |
_aCAM _bspa _cCAM |
||
| 100 | 1 |
_aPaul, Jean, _d1763-1825 _9149234 |
|
| 245 | 1 | 0 |
_aTitan / _cJean-Paul-Frédéric Richter; traduit de l'allemand par Philarète Chasles. |
| 260 |
_aParis : _bG. Charpentier éditeur, _c1878 ( _eCorbeil : _fTyp. et stér. de Crété) |
||
| 300 |
_a2 v. (436; 417 p.) ; _c18 cm. |
||
| 700 | 1 |
_aChasles, Philarète, _d1798-1873 _938156 |
|
| 852 |
_aES-MaACL _jG-10327-28 _z-- Enc. hol. |
||
| 999 |
_c163511 _d163511 |
||